000 02671nam a22003497a 4500
005 20120404112518.0
010 _aENG-104950 B-489765-773
020 _a9788185044910
_c295.00
035 _aEN-88483 B-489765-773
037 _bDBAD/PUB
037 _bK.K.Pub/Ven
082 _a005.43
100 _aGurjeet Singh
_955149
245 _aOperating systems :
_cby Er. Gurjeet Singh, Er. Neha Dutta [and] Er. Sunny Thukral
_ba concept based approach /
260 _aNew Delhi
_bUBH Publishers & Distributors
_c2012
270 _a4762-63, Ansari Road, Darya Ganj
_bNew Delhi
_e110002
300 _a495p. :
_bill.
_c24cm(pbk)
700 _aDutta, Neha
_944749
700 _aThukral, Sunny
_944750
942 _2ddc
_cEN
_mGUR
_h005.43
999 _c64681
_d64681